Ikony - FIFA 21 - Statystyki

Ogólne statystyki
  • Ten quiz został rozwiązany 4 404 razy
    4 390 od ostatniego zresetowania
  • Średni wynik to 60 z 100
Statystyki odpowiedzi
Narodowość Ikona % Poprawnych
Argentyna Maradona
90%
Brazylia Pelé
86%
Brazylia Ronaldo
85%
Brazylia Ronaldinho
78%
Niemcy Lahm
76%
Irlandia Północna Best
75%
Brazylia Carlos
75%
Wybrzeże Kości Słoniowej Drogba
75%
Anglia Ferdinand
74%
Holandia Gullit
74%
Japonia Nakata
73%
Czechy Cech
72%
Ghana Essien
72%
Czechy Nedved
72%
Włochy Maldini
71%
Dania Laudrup
70%
Anglia Moore
70%
Węgry Puskas
70%
Rosja Yashin
70%
Brazylia Carlos Alberto
69%
Portugalia Eusébio
69%
Rumunia Hagi
69%
Brazylia Rivaldo
68%
Chorwacja Suker
68%
Argentyna Zanetti
68%
Anglia Gerrard
67%
Francja Henry
67%
Francja Zidane
67%
Meksyk Hernandez
66%
Nigeria Okocha
66%
Argentyna Veron
66%
Serbia Vidic
66%
Walia Giggs
65%
Anglia Lampard
65%
Finlandia Litmanen
65%
Kamerun Eto'o
64%
Szwecja Larsson
64%
Anglia Lineker
64%
Walia Rush
64%
Brazylia Socrates
64%
Argentyna Crespo
63%
Szkocja Dalglish
63%
Portugalia Deco
63%
Brazylia Kaká
63%
Dania Schmeichel
63%
Holandia Van Der Sar
63%
Portugalia Figo
62%
Irlandia Keane
62%
Niemcy Klose
62%
Hiszpania Puyol
62%
Hiszpania Xavi
62%
Anglia Owen
61%
Portugalia Rui Costa
61%
Meksyk Sánchez
60%
Holandia Van Basten
60%
Anglia Cole
59%
Brazylia Garrincha
59%
Anglia Shearer
59%
Bułgaria Stoichkov
59%
Anglia Campbell
58%
Holandia Cruyff
58%
Argentyna Riquelme
58%
Francja Blanc
57%
Hiszpania Hierro
57%
Francja Vieira
57%
Niemcy Ballack
56%
Hiszpania Torres
56%
Włochy Cannavaro
55%
Włochy Del Piero
55%
Francja Petit
55%
Hiszpania Butragueno
54%
Francja Desailly
54%
Niemcy Matthaus
54%
Włochy Pirlo
52%
Anglia Scholes
52%
Ukraina Shevchenko
52%
Francja Trezeguet
52%
Holandia Koeman
51%
Francja Makélélé
51%
Anglia Barnes
50%
Hiszpania Raúl
50%
Włochy Baresi
49%
Włochy Inzaghi
49%
Włochy Nesta
49%
Włochy Zambrotta
49%
Hiszpania Guardiola
48%
Anglia Wright
48%
Francja Pires
47%
Francja Cantona
44%
Włochy Gattuso
44%
Holandia Seedorf
43%
Włochy Zola
43%
Holandia Van Nistelrooy
41%
Włochy Baggio
39%
Holandia Bergkamp
39%
Holandia Overmars
38%
Niemcy Schweinsteiger
38%
Holandia Rijkaard
37%
Holandia Kluivert
34%
Niemcy Lehmann
31%
Nie znaleziono quizów pasujących do podanych kryteriów
Rozkład punktacji
Procent ludzi z każdym wynikiem
Percentyl według liczby udzielonych odpowiedzi
Twoja historia wyników
Nie rozwiązałeś tego quizu od ostatniego zresetowania